Normal view
MARC view
- Reza, Yousaf
Entry Personal Name
001 - CONTROL NUMBER
- control field: 106958
003 - CONTROL NUMBER IDENTIFIER
- control field: NUST
005 - DATE AND TIME OF LATEST TRANSACTION
- control field: 20230118121757.0
008 - FIXED-LENGTH DATA ELEMENTS
- fixed length control field: 230118|| aca||aabn | a|a d
040 ## - CATALOGING SOURCE
- Original cataloging agency: NUST
- Transcribing agency: NUST
100 ## - HEADING--PERSONAL NAME
- Personal name: Reza, Yousaf
670 ## - SOURCE DATA FOUND
- Source citation: Work cat.: (NUST)185308: Reza, Yousaf, History of Pakistan :, 1999
